000 00652nam a2200229Ia 4500
001 579
003 AR-BaAGN
005 20231103120959.0
007 ta
008 211206s9999 xx 000 0 spa d
040 _aAR-BaAGN
_bspa
_eaacr
100 _aHernández, Rafael
245 1 0 _aArco triunfal de la República Argentin:
_b(piedras para su construcción)
260 _aLa Plata :
_b[editor no identificado],
_c1890.
300 _a48 páginas
336 _2rdacontent
_btxt
337 _2rdamedia
_bn
338 _2rdacarrier
_bnc
500 _aDedicado a la escuela pública de la Provincia de Buenos Aires
942 _cLIBRO
999 _c579
_d579